000 00288nam a2200133Ia 4500
008 231129s1972||||xx |||||||||||||| ||spa||
040 _bspa
082 _a892.709 V532
100 _aVernet Juan
245 0 _aLiteratura árabe
260 _c1972
264 _aLabor
942 _2ddc
_cBKS
999 _c19328
_d19328